Star Wars, Episode VII - Prologue - Statistiques

Statistiques générales
  • Ce quiz a été pris 32 fois
  • Le résultat moyen est 42 sur 85
Statistiques - réponses
Prologue % Correct
a
100%
à
100%
a
100%
Luke
92%
Luke
92%
Luke,
92%
Luke.
92%
Skywalker
92%
Skywalker,
92%
le
83%
le
83%
le
83%
le
83%
de
75%
de
75%
de
75%
de
75%
des
75%
disparu.
75%
la
75%
la
75%
la
75%
la
75%
la
75%
la
75%
ORDRE
75%
PREMIER
75%
En
67%
en
67%
et
58%
et
58%
et
58%
et
58%
Jedi.
58%
Leia
58%
Leia
58%
REPUBLIQUE,
58%
cendres
50%
l'Empire
50%
retrouver
50%
son
50%
son
50%
son
50%
son
50%
absence,
42%
cherche
42%
dernier
42%
est
42%
frère,
42%
mène
42%
42%
Organa
42%
pour
42%
RESISTANCE
42%
un
42%
un
42%
Avec
33%
galaxie.
33%
générale
33%
sur
33%
aide
25%
dans
25%
envoyé
25%
plus
25%
soutien
25%
désespérément
17%
éliminer
17%
Jakku,
17%
justice
17%
mission
17%
17%
paix
17%
permettant
17%
pilote
17%
secrètement
17%
allié
8%
audacieux
8%
détient
8%
indice
8%
localiser
8%
obtenir
8%
restaurer
8%
sinistre
8%
tente
8%
vieil
8%
Aucun quiz correspondant
Distribution des résultats
% des personnes avec chaque résultat
Percentile par nombre de réponses
Votre historique - résultats
Vous n’avez pas pris ce quiz